| 000 | 00000nam##2200000za#4500 |
| 001 | 9.610560 |
| 003 | CaOODSP |
| 005 | 20200401040839 |
| 007 | ta |
| 008 | 150406|1993||||xxc||||| f|0| 0 eng|d |
| 020 | |a0-662-20864-1|z0-662-20866-8 |
| 022 | |a1188-8903 |
| 040 | |aCaOODSP|beng |
| 043 | |an-cn--- |
| 086 | 1 |aEn1-17/9-1993E |
| 110 | 1 |aCanada. |bEnvironment Canada. |bEnvironmental Protection Service. |
| 245 | 10|aContaminated soil: demonstration of a pilot unit to treat mercury-contaminated soils / |cby Daniel Coté. |
| 260 | |bEnvironment Canada. |c1993. |
| 300 | |a4p. : |bcoloured figs., tables ; |c28 cm. |
| 490 | 1 |aSt. Lawrence technologies|x1188-8903 |
| 563 | |aPamphlet |
| 590 | |a95-29|b1995-07-21 |
| 690 | 07|aContamination|2gcpds |
| 690 | 07|aSoil|2gcpds |
| 720 | 1 |aCoté, Daniel |
| 775 | 08|tSols contaminés: démonstration d'une unité pilote de traitement des sols contaminés par du mercure / |w(CaOODSP)9.622212 |
| 776 | 0#|tContaminated soil. Demonstration of a pilot unit to treat mercury-contaminated soil |w(CaOODSP)9.571215 |
| 830 | #0|aSt. Lawrence technologies,|x1188-8903|w(CaOODSP)9.514532 |